000 00664nam a2200181 a 4500
005 20140412111407.0
008 070910s19uu xx 00 eng d
020 _a0-86683-763-9
050 _aM 610.92
_bH87 1979
100 _aHugh, Alice
245 _aTom Dooley, Jungle doctor: a story about Dr. Thomas A. Dooley /
_cAlice J. Hugh.
260 _aMinneapolis, MN :
_bWinston press,
_c1979.
300 _a[32]p. : ill. 21 cm.
440 _aChristians heroes
520 _aBriefly focuses on the American physician's work with orphans in southeast Asia.
650 _aMissionaries, Medical-- Southeast Asia--Biography
_xJuvenile literature
999 _c105573
_d105573